00338nam a22001337a 4500003000700000005001700007008004100024082002800065100002300093245003200116260004300148300000800191650000500199MPLRDC20220104143044.0210129b ||||| |||| 00| 0 eng d a050.1 DZWZ v.6 1990 c.2 a郑健娜总编辑 a读者文摘. 六月号90c ab读者文摘亚洲有限公司c1990 b平 a